000 00648nam a2200205 a 4500
005 20230315063932.0
008 180219s2016 mx r 000 0 spa d
020 _a9789875384682
035 _aUPN01000222987
049 _aCG
050 4 _aLC1043
_bC7.3
100 1 _aCrouzel, Cecilia M.,
_d1963-
_941477
245 1 0 _aAcompañando la elección vocacional de los hijos :
_bideas para fortalecer la autonomía adolescente /
_cCecilia M. Crouzel.
260 _aBuenos Aires :
_bNoveduc,
_c2016.
300 _a127 p. :
_bil., figs., cuadros
440 0 _aLazos ;
_v9
650 4 _aOrientación vocacional
_95
905 _aLibro
999 _c195084
_d195084